00219nam a22000977a 4500082001200000100001800012245001800030260004200048300000800090650002300098 a229 FRO aFrowde, Henry aThe Apocrypha aOxfordbOxford University Pressc1896 a175 aApocryphal Gospels